| 000 | 00656nam a2200193 i 4500 | ||
|---|---|---|---|
| 001 | 110551 | ||
| 003 | ES-MaACL | ||
| 005 | 20230906185100.0 | ||
| 007 | t| | ||
| 008 | 070131s1910 fr ||||1| fre d | ||
| 080 | _a821.133.1-2"18" | ||
| 100 | 1 |
_aRichepin, Jacques. _996949 |
|
| 245 | 1 | 0 |
_aXantho chez les courtisanes _b: comédie en trois actes dont un prologue en vers / _cJacques Richepin ; musique de scène de Xavier Leroux. |
| 260 |
_aParis : _bCharpentier et Fasquelle, _c1910. |
||
| 300 |
_a136 p. ; _c20 cm. |
||
| 500 | _aBiblioteca Jacinto Martínez Lacalle. | ||
| 700 | 1 |
_aLeroux, Xavier. _971793 |
|
| 852 |
_aES-MaACL _jE-11550 _bR.139592 |
||
| 999 |
_c110551 _d110551 |
||